000 00700nam a2200241 i 4500
001 bg
100 1 _aOsiński, Zbigniew
_d(1926-2001).
245 1 0 _aMechanika ogólna /
_cZbigniew Osiński.
250 _aWyd. 3.
260 _aWarszawa :
_bWydawnictwo Naukowe PWN,
_c2000.
300 _a535 s. :
_brys., wykr. ;
_c24 cm.
504 _aBibliogr. s. 532. - Indeks.
650 9 _aMechanika
655 _aPodręczniki akademickie
020 _a8301123095
040 _cBPK
041 0 _apl
080 _a531(075.8)
920 _a83-01-12309-5
942 _cKS
008 s pl f |000 0 pol
999 _c52742
_d52742
856 _uhttp://koha.tu.koszalin.pl/cgi-bin/koha/opac-detail.pl?biblionumber=52742
_yKatalog online BPK